| 000 | 00483nam a22001457a 4500 | ||
|---|---|---|---|
| 082 | _aT-156 | ||
| 100 |
_aHaleema Sadia _948535 |
||
| 245 | _aWomen Vulnerabilities and Public Health Issues with Reference to Flood 2010 in the Context of Disaster Management in District Nowshehra | ||
| 260 |
_aRisalpur Cantt _bMCE _c2012-2014 |
||
| 300 | _aP 78 | ||
| 526 |
_a0 _b0 _c0 _dT_156 |
||
| 650 | _aDisaster Management | ||
| 700 |
_aDr. Muhammad Jawed Iqbal, Major _948536 |
||
| 942 |
_2ddc _cBK |
||
| 999 |
_c551444 _d551444 |
||